| Tag |
First Indicator |
Second Indicator |
Subfields |
| LEADER |
00000cam a2200000Ka 4500 |
| 001 |
in00002492437 |
| 005 |
20211202191526.0 |
| 006 |
m d f |
| 007 |
cr cn||||||||| |
| 008 |
090504s2009 gau s f000 0 eng d |
| 035 |
|
|
|a (OCoLC)ocn320082455
|
| 040 |
|
|
|a GPO
|b eng
|c GPO
|d MvI
|
| 049 |
|
|
|a WWW
|
| 074 |
|
|
|a 0505-A (online)
|
| 086 |
0 |
|
|a HE 20.7008:SW 6/5
|
| 110 |
2 |
|
|a Centers for Disease Control and Prevention (U.S.)
|
| 245 |
1 |
0 |
|a Interim guidance for H1N1 flu (swine flu) :
|b taking care of a sick person in your home.
|
| 264 |
|
1 |
|a Atlanta, GA :
|b Centers for Disease Control and Prevention,
|c [2009]
|
| 300 |
|
|
|a 1 electronic text :
|b HTML file
|
| 336 |
|
|
|a text
|b txt
|2 rdacontent
|
| 337 |
|
|
|a computer
|b c
|2 rdamedia
|
| 338 |
|
|
|a online resource
|b cr
|2 rdacarrier
|
| 538 |
|
|
|a Mode of access: Internet from the CDC web site. Address as of 5/4/09: http://www.cdc.gov/h1n1flu/guidance%5Fhomecare.htm; current access available via PURL.
|
| 500 |
|
|
|a Title from title screen (viewed on May 4, 2009).
|
| 500 |
|
|
|a "May 1, 2009."
|
| 650 |
|
0 |
|a Swine influenza
|x Patients
|x Home care.
|
| 650 |
|
0 |
|a Swine influenza
|x Treatment.
|
| 856 |
4 |
0 |
|u https://purl.fdlp.gov/GPO/LPS112167
|t 0
|
| 999 |
f |
f |
|s dcfa6f25-ad53-3ab7-ab0e-9af81616b943
|i 16531c8e-daa5-34ad-94a6-81e961aefadc
|t 0
|
| 952 |
f |
f |
|a Texas A&M University
|b College Station
|c Electronic Resources
|d Available Online
|t 0
|e HE 20.7008:SW 6/5
|h Superintendent of Documents classification
|
| 998 |
f |
f |
|a HE 20.7008:SW 6/5
|t 0
|l Available Online
|